L'industrie organisée d'après les méthodes américaines / (Record no. 39215)
[ view plain ]
| 000 -LEADER | |
|---|---|
| campo de control de longitud fija | 00524nam a2200169 i 4500 |
| 001 - NÚMERO DE CONTROL | |
| campo de control | 39215 |
| 003 - IDENTIFICADOR DE NÚMERO DE CONTROL | |
| campo de control | ES-MaACL |
| 005 - FECHA Y HORA DE LA ÚLTIMA TRANSACCIÓN | |
| campo de control | 20250905063038.0 |
| 007 - CAMPO FIJO DE DESCRIPCIÓN FÍSICA--INFORMACIÓN GENERAL | |
| campo de control de longitud fija | t| |
| 008 - DATOS DE LONGITUD FIJA--INFORMACIÓN GENERAL | |
| campo de control de longitud fija | 030227s1920 fr ||||1| fre d |
| 100 1# - ENTRADA PRINCIPAL--NOMBRE DE PERSONA | |
| Nombre de persona | Cambon, Victor, |
| Fechas asociadas al nombre | 1852-1927 |
| 9 (RLIN) | 34035 |
| 245 12 - MENCIÓN DEL TÍTULO | |
| Título | L'industrie organisée d'après les méthodes américaines / |
| Mención de responsabilidad, etc. | par Victor Cambon. |
| 260 ## - PUBLICACIÓN, DISTRIBUCIÓN, ETC. | |
| Lugar de publicación, distribución, etc. | Paris : |
| Nombre del editor, distribuidor, etc. | Payot Cie, |
| Fecha de publicación, distribución, etc. | 1920 ( |
| Lugar de fabricación/manufactura | Vannes : |
| Fabricante | Lafolye) |
| 300 ## - DESCRIPCIÓN FÍSICA | |
| Extensión | 268 p., 22 lám. ; |
| Dimensiones | 23 cm. |
| 852 ## - LOCALIZACIÓN | |
| Ubicación | ES-MaACL |
| Número de control de estantería | B-2307 |
| Estatus retirado | Estado de pérdida | Estado de daño | No para préstamo | Biblioteca de origen | Biblioteca actual | Ubicación en estantería | Fecha de adquisición | Fuente de adquisición | Total de préstamos | Signatura topográfica completa | Código de barras | Visto por última vez | Precio de reemplazo | Tipo de ítem Koha |
|---|---|---|---|---|---|---|---|---|---|---|---|---|---|---|
| Biblioteca del Ateneo de Madrid | Biblioteca del Ateneo de Madrid | Sala Pardo Bazán | 17/01/2008 | B-2307 | 1041294 | 23/02/2023 | 23/02/2023 | Libro impreso |
